Ensayos y Diálogos

Sábháilte in:
Sonraí bibleagrafaíochta
Príomhchruthaitheoir: Castellanos, Francisco José
Formáid: LEABHAR
Teanga:Undetermined
Foilsithe / Cruthaithe: La Habana, Cuba UNESCO 1961
Ábhair:
Clibeanna: Cuir clib leis
Níl clibeanna ann, Bí ar an gcéad duine le clib a chur leis an taifead seo!

MARC

LEADER 00000nam a2200000Ia 4500
008 170316s9999 xx 000 0 und d
040 |a cru BVZT 
090 |a 860 C-24e 
100 |a Castellanos, Francisco José 
245 |a Ensayos y Diálogos 
260 |a La Habana, Cuba 
260 |b UNESCO 
260 |c 1961 
300 |a 276 páginas 
650 |a LITERATURA LATINOAMERICANA 
999 |c 8511  |d 8511 
942 |c 15 D  |h 860 C-24e  |2 z